<?xml version="1.0" encoding="UTF-8"?>
<collection xmlns:xsi="http://www.w3.org/2001/XMLSchema-instance" xsi:schemaLocation="http://www.loc.gov/MARC21/slim http://www.loc.gov/standards/marcxml/schema/MARC21slim.xsd" xmlns="http://www.loc.gov/MARC21/slim">
 <record>
  <leader>00000cam a22000004i 4500</leader>
  <controlfield tag="001">UP-1685675941123940403</controlfield>
  <controlfield tag="003">Buklod</controlfield>
  <controlfield tag="005">20161107095736.0</controlfield>
  <controlfield tag="006">aa    rb   |||1 u|</controlfield>
  <controlfield tag="007">ta</controlfield>
  <controlfield tag="008">140902s2015    cau     r    |001 0|eng d</controlfield>
  <datafield tag="020" ind1=" " ind2=" ">
   <subfield code="a">9781118775554 (paperback)</subfield>
  </datafield>
  <datafield tag="035" ind1=" " ind2=" ">
   <subfield code="a">(iLib)UPTAC-00018460555</subfield>
  </datafield>
  <datafield tag="037" ind1=" " ind2=" ">
   <subfield code="a">Tac-20051</subfield>
   <subfield code="b">SERV</subfield>
   <subfield code="c">Php6,995</subfield>
  </datafield>
  <datafield tag="040" ind1=" " ind2=" ">
   <subfield code="a">DLC</subfield>
   <subfield code="e">rda</subfield>
   <subfield code="d">UPVTC</subfield>
  </datafield>
  <datafield tag="041" ind1="0" ind2=" ">
   <subfield code="a">eng</subfield>
  </datafield>
  <datafield tag="090" ind1=" " ind2="0">
   <subfield code="a">JF 1351</subfield>
   <subfield code="b">H276 2015</subfield>
  </datafield>
  <datafield tag="245" ind1="0" ind2="0">
   <subfield code="a">Handbook of public administration</subfield>
   <subfield code="c">[edited by] James L. Perry, Robert K. Christensen.</subfield>
  </datafield>
  <datafield tag="250" ind1=" " ind2=" ">
   <subfield code="a">Third edition.</subfield>
  </datafield>
  <datafield tag="264" ind1=" " ind2="1">
   <subfield code="a">San Francisco, CA</subfield>
   <subfield code="b">Jossey-Bass</subfield>
   <subfield code="c">[2015]</subfield>
  </datafield>
  <datafield tag="300" ind1=" " ind2=" ">
   <subfield code="a">xlviii, 789 pages</subfield>
   <subfield code="c">24 cm</subfield>
  </datafield>
  <datafield tag="336" ind1=" " ind2=" ">
   <subfield code="a">text</subfield>
   <subfield code="2">rdacontent</subfield>
  </datafield>
  <datafield tag="337" ind1=" " ind2=" ">
   <subfield code="a">unmediated</subfield>
   <subfield code="2">rdamedia</subfield>
  </datafield>
  <datafield tag="338" ind1=" " ind2=" ">
   <subfield code="a">volume</subfield>
   <subfield code="2">rdacarrier</subfield>
  </datafield>
  <datafield tag="504" ind1=" " ind2=" ">
   <subfield code="a">Includes bibliographical references and index.</subfield>
  </datafield>
  <datafield tag="505" ind1="0" ind2=" ">
   <subfield code="a">Table of Contents: Part One. Governing for Collective Action: 1. Governing in an Age of Transformation / D. F. Kettl --- 2. The Changing Character of the American Intergovernmental System / L. J. O'Toole Jr. -- 3. Governance in an Era of Partnerships / B. C. Crosby, M. M. Stone, and J. M. Bryson -- 4. Governing in a Global Context / J. G. S. Koppell -- Part Two. Building Infrastructures for Accountability: 5. Understanding How Public Law Reinforces Administrative Responsibility / P. J. Cooper -- 6. Advancing Good Government through Fighting Corruption / M. I. Neshkova and A. Rosenbaum -- 7. Using Transparency to Reinforce Responsibility and Responsiveness / G. A. Porumbescu and T. Im -- 8. Using Public Participation to Enhance Citizen Voice and Promote Accountability / T. Nabatchi, J. A. Becker, and M. Leighninger -- Part Three. Implementing Policy Using Tools of Collective Action: 9. Developing Effective Relations with Legislatures / A. M. Khademian and F. S. Sharif -- 10. Designing Effective Programs / M. Howlett, I. Mukherjee, and J. Rayner -- 11. Using Grants to Achieve Public Purposes / S. Nicholson-Crotty -- 12. Contracting in Pursuit of Public Purposes / Z. S. Huitink, D. M. Van Slyke, and T. L. Brown -- 13. Coproducing Public Services with Service Users, Communities, and the Third Sector / T. Bovaird and E. Loeffler -- 14. Advancing Public Good through Entrepreneurship / W. Bielefeld -- Part Four. Managing for Public Performance: 15. Leading Public Organizations Strategically / R. M. Walker, C. Su Jung, and G. Kim -- 16. Managing Effective Collaborations / M. McGuire and C. Silvia -- 17. Tracking the Quality of Services / H. P. Hatry -- 18. Evaluating the Performance of Public Programs / K. E. Newcomer -- 19. Motivating Employees Using Public Service / W. Vandenabeele and N. M. Van Loon -- 20. Realizing The Promise of Diversity / D. W. Pitts and S. E. Towne -- 21. Understanding and Overcoming Resistance to Organizational Change / S. Fernandez -- Part Five. Developing Effective Administrative Systems: 22. Performance Budgeting / A. T. Ho -- 23. Designing and Administering Revenue Systems / Y. Hou -- 24. Managing E-Government / M. Jae Moon and E. W. Welch -- 25. Designing Social Media Strategies and Policies / I. Mergel -- 26. Compensating Public Sector Employees / J. J. Llorens -- Part Six. Sharpening The Public Administrator's Skill Set: 27. Enacting Collective Leadership in A Shared-Power World / S. M. Ospina and E. G. Foldy -- 28. Negotiating for the Public Good / L. B. Amsler -- 29. Becoming and Being an Effective Collaborator / R. O'Leary -- 30. Communicating Effectively / J. L. Garnett -- 31. Developing Intrapersonal Skills / M. P. Aristigueta and R. B. Denhardt -- Part Seven. Professionalizing Public Administration Practice: 32. Embracing Ethical Principles for Public Action / B. N. Williams -- 33. Understanding the Obligations of Codes of Ethics / L. Ireni-Saban -- 34. Understanding Your Liability as a Public Administrator / S. P. Newbold -- 35. Effective Governance, Effective Administrators / J. L. Perry and R. K. Christensen -- References. Index.</subfield>
  </datafield>
  <datafield tag="650" ind1=" " ind2="0">
   <subfield code="a">Public administration.</subfield>
  </datafield>
  <datafield tag="700" ind1="1" ind2=" ">
   <subfield code="a">Perry, James L.</subfield>
   <subfield code="e">editor.</subfield>
  </datafield>
  <datafield tag="700" ind1="1" ind2=" ">
   <subfield code="a">Christensen, Robert K.</subfield>
   <subfield code="e">editor.</subfield>
  </datafield>
  <datafield tag="856" ind1="4" ind2="1">
   <subfield code="3">Table of contents only</subfield>
   <subfield code="u">https://drive.google.com/file/d/1bbJivOQfHxOGOBErJmKyyAx9CGHUTcnR/view?usp=drivesdk</subfield>
  </datafield>
  <datafield tag="905" ind1=" " ind2=" ">
   <subfield code="a">FO</subfield>
  </datafield>
  <datafield tag="852" ind1="0" ind2=" ">
   <subfield code="a">UPTAC</subfield>
   <subfield code="b">UPTAC</subfield>
   <subfield code="h">JF 1351</subfield>
   <subfield code="i">H276 2015</subfield>
  </datafield>
  <datafield tag="942" ind1=" " ind2=" ">
   <subfield code="a">Book</subfield>
  </datafield>
 </record>
</collection>
